50 estados - Statistics

Estatísticas Gerais
  • Esse quiz foi jogado 179 vezes
  • A pontuação média é 19 de 51
Estatísticas das Respostas
Hint Resposta % Correto
2. Alasca
82%
4. Arizona
77%
5. Califórnia
77%
1. Alabama
76%
3. Arcansas
71%
14. Flórida
69%
9. Colorado
63%
36. Nova Iorque
61%
15. Georgia
59%
8. Carolina do norte
58%
7. Carolina do sul
58%
6. Cansas
54%
16. Havaí
54%
43. Texas
54%
39. Ohio
50%
35. Nova Jérsia
46%
47. Washington
45%
12. Dakota do sul
44%
13. Delaware
44%
20. Indiana
43%
11. Dakota do norte
42%
27. Michigan
42%
17. Idaho
40%
24. Maine
40%
29. Mississippi
39%
33. Nevada
39%
46. Virgínia
35%
23. Luisiana
34%
21. Iowa
33%
41. Pensilvânia
33%
26. Massachusetts
32%
30. Missúri
31%
22. Kentucky
30%
31. Montana
30%
28. Minesota
27%
34. Nova Hampshire
25%
42. Tennesse
25%
44. Utah
25%
18. Ilha de Rodes
24%
45. Vermont
24%
47 Virgínia Ocidental
24%
48. Wisconsin
24%
49. Wyoming
23%
10. Conecticute
17%
25. Marilândia
11%
50. Distrito de Colúmbia
2%
32. Nevasca
2%
37. Nova México
2%
38. Oclaoma
2%
40. Orégão
2%
19. Iliónis
1%
Nenhum quiz correspondente encontrado
Distribuição das Pontuações
Porcentagem de Pessoas com Cada Pontuação
Percentil de Números Respondidos
Sua Pontuação Histórica
Você não jogou esse quiz